| 000 | 01025pam a2200313 i 4500 | ||
|---|---|---|---|
| 001 | 015589514 | ||
| 003 | EG-ScBUE | ||
| 005 | 20251126104319.0 | ||
| 008 | 100624s2011 enka f b 001 0 eng d | ||
| 020 | _a9781412920537 (pbk.) | ||
| 020 | _a1412920531 (pbk.) | ||
| 035 | _a(UkOxU)UkOxUb17301856 | ||
| 040 |
_aStDuBDS _beng _erda _cStDuBDS _dUk _dUkOxU _dEG-ScBUE |
||
| 082 | 0 | 4 |
_a302.23 _222 _bHOD |
| 100 | 1 |
_aHodkinson, Paul, _eauthor. |
|
| 245 | 1 | 0 |
_aMedia, culture and society : _ban introduction / _cPaul Hodkinson. |
| 264 | 1 |
_aLondon : _bSage Publications Ltd, _c2011. |
|
| 300 |
_ax, 320 pages : _billustrations ; _c25 cm |
||
| 336 |
_atext _2rdacontent _btxt |
||
| 337 |
_aunmediated _2rdamedia _bn |
||
| 338 |
_avolume _2rdacarrier _bnc |
||
| 504 | _aIncludes bibliographical references and index. | ||
| 650 | 7 |
_aMass media. _2BUEsh |
|
| 650 | 7 |
_aMass media _xSocial aspects. _2BUEsh |
|
| 650 | 7 |
_aPopular culture. _2BUEsh |
|
| 655 | _vReading book | ||
| 942 |
_2ddc _cBB |
||
| 999 |
_c31022 _d30993 |
||